| 000 | 00735pam a2200241 a 4500 | ||
|---|---|---|---|
| 001 | 3366600 | ||
| 003 | GBCCL | ||
| 005 | 20241126110418.0 | ||
| 008 | 870212s1987 miu b 000 0 eng | ||
| 010 | _a 87005286 | ||
| 020 | _a0802802656 (pbk.) | ||
| 040 |
_aDLC _cDLC _dDLC |
||
| 050 | 0 | 0 |
_aBV4011 _b.P44 1987 |
| 082 | 0 | 0 |
_a253.2 _219 _bPET |
| 100 | 1 |
_aPeterson, Eugene H., _d1932- _92444 |
|
| 245 | 1 | 0 |
_aWorking the angles : _bthe shape of pastoral integrity / _cEugene H. Peterson. |
| 260 |
_aGrand Rapids, Mich. : _bW.B. Eerdmans, _cc1987. |
||
| 300 |
_av, 137 p. ; _c22 cm. |
||
| 504 | _aBibliography: p. 133-137. | ||
| 650 | 0 |
_aPastoral theology. _9414 |
|
| 906 |
_a7 _bcbc _corignew _d1 _eocip _f19 _gy-gencatlg |
||
| 942 |
_2ddc _cBK |
||
| 999 |
_c2135 _d2135 |
||